• 首页
  • 本馆介绍
  • 公告通知
  • 最新文献
  • 馆藏检索
  • 电子资源
  • 读者导购
  • 参考咨询
  • 我的图书馆
  • 登录
  • 详细信息显示
  • 放入我的书架
  • 预约/预借图书
  • 作者相关作品
  • 分类相关作品
  • 丛书相关作品
  • 出版社相关作品

书目信息

  • 表格格式
  • 工作单格式
  • 卡片格式
题名:
证券法苑
    
 
作者: 桂敏杰 总编 ;黄红元 , 徐明 主编
分册: 第十四卷(2015年5月)  
出版信息: 北京   法律出版社  2015
页数: 492页
开本: 23cm
丛书名:
单 册:
中图分类: D922.287.4
科图分类:
主题词: 证券法--Zheng Quan Fa--中国--文集
电子资源:
ISBN: 978-7-5118-8012-3
000 01089nam0 22002771 450
001 350966
005 20161011151514.10
010    @a978-7-5118-8012-3@dCNY79.00
100    @a20150629d2015 em y0chiy50 ea
101 0  @achi@eeng
102    @aCN@b110000
105    @ay z 000yy
106    @ar
200 1  @a证券法苑@AZheng Quan Fa Yuan@h第十四卷(2015年5月)@f桂敏杰总编@g黄红元,徐明主编
210    @a北京@c法律出版社@d2015
215    @a492页@d23cm
300    @a中文社会科学引文索引(CSSCI)来源集刊
300    @a上海证券交易所主办
330    @a本书分为第五届“上证法治论坛”专栏、理论前沿、实务研究、制度评述、他山之石、艺文集萃、法治述评7个栏目,收录《法治是资本市场善治的根基》、《全面推进依法治国是对资本市场最大的完善》、《完善与注册制配套的民事责任制度》等文章。
606 0  @a证券法@AZheng Quan Fa@y中国@j文集
690    @aD922.287.4@v5
701  0 @c(满)@a桂敏杰@AGui Min Jie@f(1953~)@4总编
702  0 @a黄红元@AHuang Hong Yuan@c(证券交易)@4主编
702  0 @a徐明@AXu Ming@f(1961~)@4主编
801  0 @aCN@bTANGWEI@c20160811
905    @b0892579-82@dD922.287.4@e1394@f4
    
    证券法苑.第十四卷(2015年5月)/桂敏杰总编/黄红元,徐明主编 .-北京:法律出版社,2015
    492页;23cm
    中文社会科学引文索引(CSSCI)来源集刊.-上海证券交易所主办
    
    ISBN 978-7-5118-8012-3:CNY79.00
    本书分为第五届“上证法治论坛”专栏、理论前沿、实务研究、制度评述、他山之石、艺文集萃、法治述评7个栏目,收录《法治是资本市场善治的根基》、《全面推进依法治国是对资本市场最大的完善》、《完善与注册制配套的民事责任制度》等文章。
●
相关链接 在E读中查询图书 在五车中查询图书 在当当中查询图书 在豆瓣中查询图书


正题名:证券法苑     索取号:D922.287.4/1394         预约/预借

序号 登录号 条形码 馆藏地/架位号 状态 备注
1 0892579   208925797   第一样本阅览室/ [索取号:D922.287.4/1394] 在馆    
2 0892580   208925804   密集书库-史法系/ [索取号:D922.287.4/1394] 在馆    
3 0892581   208925813   第一借阅区/ [索取号:D922.287.4/1394] 在馆    
4 0892582   208925822   第一借阅区/ [索取号:D922.287.4/1394] 在馆    
唐山师范学院图书馆 欢迎您!
大连网信软件有限公司© 版权所有